00377nam a2200145 a 4500008004100000020001500041050001600056100001900072245001200091246005200103250001200155260003800167300001700205350000900222120416s0000 ||||||||||||||||| || u a0851393977 aNA 6330 Adi aAdie, Donald W10aMarines aa working guide to their development and design a3rd ed. aLondonbArchitectural Pressc1984 a367p. : ill. a0.00